<?xml version="1.0" encoding="UTF-8"?><?xml-stylesheet type="text/xsl" href="static/style.xsl"?><OAI-PMH xmlns="http://www.openarchives.org/OAI/2.0/" xmlns:xsi="http://www.w3.org/2001/XMLSchema-instance" xsi:schemaLocation="http://www.openarchives.org/OAI/2.0/ http://www.openarchives.org/OAI/2.0/OAI-PMH.xsd"><responseDate>2026-04-17T03:11:19Z</responseDate><request verb="GetRecord" identifier="oai:www.recercat.cat:10459.1/85210" metadataPrefix="marc">https://recercat.cat/oai/request</request><GetRecord><record><header><identifier>oai:recercat.cat:10459.1/85210</identifier><datestamp>2024-12-05T21:43:21Z</datestamp><setSpec>com_2072_3622</setSpec><setSpec>col_2072_479130</setSpec></header><metadata><record xmlns="http://www.loc.gov/MARC21/slim" xmlns:dcterms="http://purl.org/dc/terms/" xmlns:xsi="http://www.w3.org/2001/XMLSchema-instance" xmlns:doc="http://www.lyncode.com/xoai" xsi:schemaLocation="http://www.loc.gov/MARC21/slim http://www.loc.gov/standards/marcxml/schema/MARC21slim.xsd">
   <leader>00925njm 22002777a 4500</leader>
   <datafield ind2=" " ind1=" " tag="042">
      <subfield code="a">dc</subfield>
   </datafield>
   <datafield ind2=" " ind1=" " tag="720">
      <subfield code="a">Selfa Sastre, Moisés</subfield>
      <subfield code="e">author</subfield>
   </datafield>
   <datafield ind2=" " ind1=" " tag="260">
      <subfield code="c">2023-01-11T08:35:08Z</subfield>
   </datafield>
   <datafield ind2=" " ind1=" " tag="260">
      <subfield code="c">2023-01-11T08:35:08Z</subfield>
   </datafield>
   <datafield ind2=" " ind1=" " tag="260">
      <subfield code="c">2022-12-31</subfield>
   </datafield>
   <datafield ind2=" " ind1=" " tag="260">
      <subfield code="c">2023-01-11T08:35:08Z</subfield>
   </datafield>
   <datafield ind2=" " ind1=" " tag="520">
      <subfield code="a">Este artículo muestra los resultados de una experiencia de trabajo con maestros en formación inicial cuyos objetivos son los siguientes: la creación de digitalizaciones de poemas infantiles para facilitar el aprendizaje de la lectoescritura en la etapa educativa de Educación Infantil y trabajar su implementación en un aula de esta etapa educativa. Las digitalizaciones creadas destacan por poseer recursos multimedia diversos, hipertextos y medios de interacción a través de una pizarra digital. En cuanto a la implementación de las digitalizaciones con aprendientes de Educación Infantil, que han sido discutidas a partir de tres categorías de análisis (actividades llevadas a cabo en el aula; el papel que adopta el maestro en formación inicial, así como el discente de Educación Infantil; y los materiales para llevar a cabo la digitalización), se observa el papel activo del maestro en el desarrollo de las actividades de aula, así como de los discentes, que interactúan con el texto digitalizado a partir, fundamentalmente, de las posibilidades que ofrece la pizarra digital. Todo ello nos permite afirmar que el maestro en formación inicial debe trabajar el pensamiento creativo y crítico para, de este modo, crear estrategias, como las que se analizan en esta investigación, que ayuden a sus futuros estudiantes a adquirir cada uno de los componentes de la lectoescritura. La digitalización de poemas y su posterior trabajo en el aula son, sin duda, medios que ayudan a alcanzar este objetivo de enseñanza y aprendizaje.</subfield>
   </datafield>
   <datafield ind2=" " ind1=" " tag="520">
      <subfield code="a">This article shows the results of a work experience with teachers in initial training whose&#xd;
objectives are the following: the creation of digitization of children's poems to facilitate the&#xd;
learning of literacy in the educational stage of Early Childhood Education and work on its&#xd;
implementation in a classroom of this educational stage. The digitizations created stand out for&#xd;
having diverse multimedia resources, hypertexts and means of interaction through a digital&#xd;
whiteboard. Regarding the implementation of digitalizations with Early Childhood Education&#xd;
learners, which have been discussed based on three categories of analysis (activities carried out&#xd;
in the classroom; the role adopted by the teacher in initial training, as well as the Early Childhood&#xd;
Education student; and the materials to carry out the digitization), the active role of the teacher&#xd;
in the development of classroom activities is observed, as well as of the students, who interact&#xd;
with the digitized text from, fundamentally, the possibilities that offers the digital whiteboard.&#xd;
All this allows us to affirm that the teacher in initial training must work on creative and critical&#xd;
thinking in order to create strategies, such as those analyzed in this research, that help their&#xd;
future students to acquire each of the components of literacy. The digitization of poems and their&#xd;
subsequent work in the classroom are, without a doubt, means that help to achieve this objective&#xd;
of teaching and learning.</subfield>
   </datafield>
   <datafield ind2=" " ind1=" " tag="520">
      <subfield code="a">Este artículo forma parte del proyecto de investigación competitivo 2020ARMIF0020 Bones&#xd;
pràctiques digitals de lectura literària en la formación inicial de Mestres financiado por la AGAUR,&#xd;
así como del proyecto de investigación PID2019-107399RB-I00 Implementación y evaluación&#xd;
de una tecnología que de soporte a procesos de creatividad colaborativa: implicaciones para un&#xd;
modelo tecno-pedagógico co-creativo financiado por el Ministerio de Ciencia e Innovación.</subfield>
   </datafield>
   <datafield ind1="8" ind2=" " tag="024">
      <subfield code="a">http://hdl.handle.net/10459.1/85210</subfield>
   </datafield>
   <datafield tag="653" ind2=" " ind1=" ">
      <subfield code="a">Creatividad</subfield>
   </datafield>
   <datafield tag="653" ind2=" " ind1=" ">
      <subfield code="a">Digitalización</subfield>
   </datafield>
   <datafield tag="653" ind2=" " ind1=" ">
      <subfield code="a">Lectoescritura</subfield>
   </datafield>
   <datafield tag="653" ind2=" " ind1=" ">
      <subfield code="a">Maestros</subfield>
   </datafield>
   <datafield tag="653" ind2=" " ind1=" ">
      <subfield code="a">Poesía</subfield>
   </datafield>
   <datafield ind2="0" ind1="0" tag="245">
      <subfield code="a">Creatividad y digitalización de poemas para el aprendizaje de la lectoescritura: diseño, implementación y análisis en la formación inicial de maestros</subfield>
   </datafield>
   <datafield ind2="0" ind1="0" tag="245">
      <subfield code="a">Creativity and digitization of poems for learning to read&#xd;
and write: design and analysis in the initial training of&#xd;
teachers</subfield>
   </datafield>
</record></metadata></record></GetRecord></OAI-PMH>